Άλγεβρα

Αποθηκεύτηκε σε:
Λεπτομέρειες βιβλιογραφικής εγγραφής
Κύριος συγγραφέας: Λεγάτος, Γεράσιμος Γ., 1919-2012
Μορφή: Βιβλίο
Γλώσσα:Greek
Δημοσίευση: Αθήναι : Εκδόσεις Σπουδή, [1969]
Σειρά:Βιβλιοθήκη του υποψηφίου. Σειρά Υ Σειρά Εκπαιδευτικών και Επιστημονικών Εκδόσεων.
Θέματα:
Ετικέτες: Προσθήκη ετικέτας
Δεν υπάρχουν, Καταχωρήστε ετικέτα πρώτοι!

MARC

LEADER 00000cam a2200000 a 4500
001 1/107088
008 150623s1969####gr | ||| |||| ||gre||
040 |a GR-MyUa  |b gre  |c GR-MyUa  |e AACR2 
041 0 |a gre 
082 7 |a 512.00712   |2 (23) 
100 1 |a Λεγάτος, Γεράσιμος Γ.,   |d 1919-2012. 
245 1 0 |a Άλγεβρα /   |c υπό του καθηγητή Γεράσιμου Γ. Λεγάτου. 
260 |a Αθήναι :   |b Εκδόσεις Σπουδή,   |c [1969]  
300 |a 224 σ. ;   |c 25 εκ.  
490 1 |a (Βιβλιοθήκη του υποψηφίου. Σειρά Υ. Σειρά Εκπαιδευτικών και Επιστημονικών Εκδόσεων) 
500 |a Στη σ. τ. υπάρχει ιδιόχειρη αφιέρωση "Στο φίλο μου Π. Μάγειρα τόν μαθηματικό και τόν άνθρωπο μ'όλη την εκτίμηση και την αγάπη μου. Υπογραφή" 
505 8 |a Ανάπτυξις των ουσιαστικών μερών της ύλης - Μεθοδικός συνδυασμός θεωρίας και εφαρμογών. 
650 0 |a Algebra. 
650 0 |a Algebra  |x Study and teaching. 
830 0 |a Βιβλιοθήκη του υποψηφίου. Σειρά Υ  |p Σειρά Εκπαιδευτικών και Επιστημονικών Εκδόσεων. 
852 |a INST  |b SAMOS  |c MAG  |e 20150623  |h 512.00712 ΛΕΓ  |p 005300035344  |q 005300035344  |t BK  |y 0 
970 |a Σιτζίμη  |b Γιασεμή  |z 23/06/2015